000 00863nam a22002897a 4500
001 BR0305942
003 BR-BrBNA
005 20230928101454.0
007 ta
008 230509b bl.||||| |||| 00| 0 por d
040 _aBR-BrBNA
_bpor
_cBiblioteca Nacional de Agricultura
041 _a(Por)
072 _aL02
_b5214
090 _ 5214 BR0305942
100 1 _aLopes, F.
110 1 _aUniversidade Federal de Lavras, MG (Brasil)
_0Tese (Mestrado)
245 1 _aSuplementação de vacas leiteiras pré-parturientes com glicerina
260 3 _aLavras, MG (Brasil):
_c2001.
300 _a58 p.
500 _aSummaries (Eng, Por); Bibliography p. 49-56; 6 illus.; 6 tables
650 _aVACA LEITEIRA
650 _aSUPLEMENTO ALIMENTAR
650 _aGLICERINA
650 _aPRODUÇÃO LEITEIRA
909 _a202309
_bLucia
_c55
_dLucia Elande
942 _cBK
999 _c65997
_d65997